[Event "Ch France 2018 - Open B"]
[Site "?"]
[Date "2018.08.26"]
[Round "9.3"]
[White "Pigeat, Benoit"]
[Black "Destic, Pablo"]
[Result "0-1"]
[BlackElo "1921"]
[WhiteElo "1868"]
[LiveChessVersion "1.4.8"]

1. e4 {[%clk 1:30:57]} e5 {[%clk 1:30:55]} 2. Nf3 {[%clk 1:30:44]} Nc6
{[%clk 1:31:19]} 3. Bb5 {[%clk 1:31:07]} Bc5 {[%clk 1:31:40]} 4. O-O
{[%clk 1:31:00]} Nf6 {[%clk 1:29:15]} 5. d3 {[%clk 1:28:38]} d6 {[%clk 1:29:00]}
6. h3 {[%clk 1:28:51]} Bb6 {[%clk 1:26:15]} 7. c3 {[%clk 1:27:51]} h6
{[%clk 1:25:35]} 8. Nbd2 {[%clk 1:25:44]} a6 {[%clk 1:24:22]} 9. Ba4
{[%clk 1:25:32]} O-O {[%clk 1:24:15]} 10. b4 {[%clk 1:23:36]} Ne7
{[%clk 1:22:32]} 11. Bb3 {[%clk 1:23:50]} Ng6 {[%clk 1:21:02]} 12. Nc4
{[%clk 1:20:25]} Ba7 {[%clk 1:19:43]} 13. Kh2 {[%clk 1:20:31]} Qe7
{[%clk 1:15:48]} 14. Be3 {[%clk 1:19:30]} c6 {[%clk 1:09:20]} 15. Bxa7
{[%clk 1:18:05]} Rxa7 {[%clk 1:09:42]} 16. Ne3 {[%clk 1:18:33]} Nf4
{[%clk 1:06:45]} 17. Ng1 {[%clk 1:17:44]} Qd7 {[%clk 0:58:03]} 18. Nf5
{[%clk 1:15:47]} d5 {[%clk 0:57:36]} 19. f3 {[%clk 1:15:54]} dxe4
{[%clk 0:52:44]} 20. dxe4 {[%clk 1:15:35]} Qxd1 {[%clk 0:42:19]} 21. Raxd1
{[%clk 1:15:06]} Bxf5 {[%clk 0:42:48]} 22. exf5 {[%clk 1:15:23]} Raa8
{[%clk 0:41:16]} 23. c4 {[%clk 1:15:02]} Rad8 {[%clk 0:38:51]} 24. Rxd8
{[%clk 1:11:49]} Rxd8 {[%clk 0:39:00]} 25. Rd1 {[%clk 1:12:19]} Rxd1
{[%clk 0:35:40]} 26. Bxd1 {[%clk 1:12:29]} Nd3 {[%clk 0:35:44]} 27. a3
{[%clk 1:12:24]} Nb2 {[%clk 0:31:41]} 28. Bb3 {[%clk 1:12:37]} c5
{[%clk 0:30:22]} 29. Ne2 {[%clk 1:11:15]} e4 {[%clk 0:28:02]} 30. fxe4
{[%clk 1:06:56]} Nxe4 {[%clk 0:28:23]} 31. bxc5 {[%clk 1:06:55]} Nxc5
{[%clk 0:25:14]} 32. Ba2 {[%clk 1:07:12]} Kf8 {[%clk 0:22:41]} 33. Nc3
{[%clk 1:06:55]} Ke7 {[%clk 0:21:31]} 34. Kg3 {[%clk 1:06:44]} Kf6
{[%clk 0:20:58]} 35. Kf4 {[%clk 1:06:38]} Nbd3+ {[%clk 0:19:46]} 36. Ke3
{[%clk 1:06:31]} Ke5 {[%clk 0:20:04]} 37. Ne2 {[%clk 1:05:42]} Nb2
{[%clk 0:19:25]} 38. g4 {[%clk 1:05:10]} Nd1+ {[%clk 0:10:45]} 39. Kd2
{[%clk 1:04:36]} Nf2 {[%clk 0:10:55]} 40. Ng1 {[%clk 1:04:51]} Kf4
{[%clk 0:09:36]} 41. Ke2 {[%clk 1:05:08]} Nfe4 {[%clk 0:08:17]} 42. Ke1
{[%clk 1:04:38]} Ke3 {[%clk 0:05:26]} 43. Bb1 {[%clk 1:04:41]} Nd2
{[%clk 0:04:24]} 44. Bc2 {[%clk 1:04:19]} Nxc4 {[%clk 0:04:36]} 45. a4
{[%clk 1:04:35]} Nb2 {[%clk 0:03:56]} 46. Ne2 {[%clk 1:04:43]} Nbxa4
{[%clk 0:02:56]} 47. Nc1 {[%clk 1:01:18]} Nc3 {[%clk 0:02:43]} 48. Kf1
{[%clk 1:00:46]} Kd2 {[%clk 0:01:48]} 49. Nb3+ {[%clk 1:01:10]} Nxb3
{[%clk 0:02:12]} 50. Bxb3 {[%clk 1:01:32]} f6 {[%clk 0:02:35]} 51. Kf2
{[%clk 1:01:55]} a5 {[%clk 0:02:55]} 52. Kf3 {[%clk 1:02:09]} a4 {[%clk 0:03:16]}
53. Be6 {[%clk 1:02:38]} a3 {[%clk 0:03:12]} 54. Kf4 {[%clk 1:02:59]} Kd3
{[%clk 0:03:29]} 55. h4 {[%clk 1:03:13]} a2 {[%clk 0:03:53]} 56. Bxa2
{[%clk 1:03:38]} Nxa2 {[%clk 0:04:16]} 0-1